| 000 | 00555nam a2200229 a 4500 | ||
|---|---|---|---|
| 001 | nice12345678 | ||
| 003 | IN_TiNIC | ||
| 005 | 20260116011258.0 | ||
| 008 | 070615s1969 lona grp 000 0 eng | ||
| 020 |
_a _c100 |
||
| 082 | 0 | 0 |
_a220.6 _bBOW |
| 100 | _aBowden, John | ||
| 245 | _aWhat About the Old Testament | ||
| 260 |
_aLondon _bSCM Press _c1969 |
||
| 300 | _a127p | ||
| 500 | _aincludes index and biblioraphy | ||
| 650 | _aBible O.T. Criticism & Interpretati | ||
| 700 | 1 | _aBowden, John | |
| 902 | _bSRS | ||
| 942 | _cBK | ||
| 999 |
_c117 _d117 |
||